| 000 | 00592nam a2200193Ia 4500 | ||
|---|---|---|---|
| 005 | 20220616133739.0 | ||
| 008 | 210716s2008 xx 000 0 und d | ||
| 020 | _a8175150831 | ||
| 040 | _cAIMIT LIBRARY | ||
| 041 | _aeng | ||
| 082 |
_a006.42 _21 _bHILD |
||
| 100 |
_aHillman, David. _943380 |
||
| 245 |
_aMultimedia technology and applications / _cBy David Hillman. |
||
| 250 | _a1st ed. | ||
| 260 |
_aNew Delhi : _bGalgotia Publications Pvt Ltd , _c1996. |
||
| 300 |
_axiv,274p. ; _bPB _c24 cm. |
||
| 650 |
_aGraphics ProgramMultimedia Sys _943381 |
||
| 942 |
_2ddc _cBK _e1st _k006.42 HILD |
||
| 999 |
_c189010 _d189010 |
||